|
|
|
|
| LEADER |
00000nab a2200000 ar4500 |
| 001 |
vtls010630680 |
| 003 |
SK-MaSNL |
| 005 |
20260304171942.0 |
| 008 |
141024c20130827xo mr|p|||||||000 b|slo |
| 038 |
|
|
|a SNSK
|
| 040 |
|
|
|b slo
|c SNSK
|e AACR2
|
| 041 |
|
|
|a slo
|
| 044 |
|
|
|a xo
|c SK
|
| 080 |
|
|
|a 616.8
|2 2001
|
| 080 |
|
|
|a 725.51
|x (437.67)
|2 2001
|
| 080 |
|
|
|a 069.444
|2 2001
|
| 245 |
0 |
0 |
|a Všimli sme si
|b nemocnica otvorila neurologický pavilón
|
| 610 |
2 |
7 |
|a Nemocnica s poliklinikou (Levoča, Slovensko).
|b Neurologické oddelenie
|2 snsk
|9 1500944
|
| 650 |
0 |
7 |
|a Opravy a rekonštrukcie
|2 snsk
|9 1044953
|
| 650 |
0 |
7 |
|a bezbariérový prístup
|2 snsk
|9 102489
|
| 650 |
0 |
7 |
|a neurológia
|2 snsk
|9 908
|
| 651 |
|
7 |
|a Levoča (Slovensko)
|2 snsk
|9 26696
|
| 773 |
0 |
|
|t Spišskonovoveský Korzár
|g Roč. II., č. 34 (27.8.2013), s. 2
|x 1338-841X
|
| 852 |
|
|
|a SNSK
|b KIS3GCP
|
| 999 |
|
|
|c 2995690
|d 2997620
|